000 00308nam a22001337a 4500
008 170321b xxu||||| |||| 00| 0 eng d
020 _a0803611226
041 _aeng
080 _a616.12-008-073
100 _a7
101 _aSHM
245 _aCARDIOPULMONARY REHABILITATION
_cBRANNON, F.J
942 _2udc
_cBK
999 _c8257
_d8257